Catálogo
 En Linea

Medalaganario / (Registro nro. 12130)

Detalles MARC
000 -CABECERA
campo de control de longitud fija 00635nam a2200205 a 4500
001 - NÚMERO DE CONTROL
campo de control 000012474
005 - FECHA Y HORA DE LA ÚLTIMA TRANSACCIÓN
campo de control 20240530073914.0
008 - DATOS DE LONGITUD FIJA--INFORMACIÓN GENERAL
campo de control de longitud fija 091113s1995 dr 001 0 spa d
040 ## - FUENTE DE LA CATALOGACIÓN
Centro catalogador/agencia de origen DO-SdBNP
Lengua de catalogación spa
Centro/agencia transcriptor BNPHU
082 ## - NÚMERO DE LA CLASIFICACIÓN DECIMAL DEWEY
Número de clasificación RD863.44
Número de documento/Ítem G491m, 1995
100 1# - ENTRADA PRINCIPAL--NOMBRE DE PERSONA
Nombre de persona Gimbernard, Jacinto Carlos,
Fechas asociadas al nombre 1931-
9 (RLIN) 7741
245 10 - MENCIÓN DE TÍTULO
Título Medalaganario /
Mención de responsabilidad, etc. Jacinto Carlos Gimbernard.
250 ## - MENCIÓN DE EDICIÓN
Mención de edición 3a ed. aum.
260 ## - PUBLICACIÓN, DISTRIBUCIÓN, ETC.
Lugar de publicación, distribución, etc. Santo Domingo :
Nombre del editor, distribuidor, etc. Taller,
Fecha de publicación, distribución, etc. 1995.
300 ## - DESCRIPCIÓN FÍSICA
Extensión 186 p. ;
Dimensiones 21 cm.
590 ## - NOTA LOCAL (RLIN)
Nota local Inventariado, 2020 / DG
650 #0 - PUNTO DE ACCESO ADICIONAL DE MATERIA--TÉRMINO DE MATERIA
Término de materia o nombre geográfico como elemento de entrada Novela dominicana
9 (RLIN) 223
650 #0 - PUNTO DE ACCESO ADICIONAL DE MATERIA--TÉRMINO DE MATERIA
Término de materia o nombre geográfico como elemento de entrada Literatura dominicana.
9 (RLIN) 67
910 ## - DATOS DE OPCIÓN DEL USUARIO (OCLC)
Datos de opción del usuario Validado. Control de calidad MMOLINA
Existencias
Estado de retiro Estado de pérdida No para préstamo Código de colección Localización permanente Ubicación/localización actual Ubicación en estantería Fecha de adquisición Número de inventario Total de préstamos Signatura topográfica completa Código de barras Fecha visto por última vez Precio válido a partir de Tipo de ítem Koha Número de copia
    Excluido de préstamo Patrimonio Dominicano Patrimonio Dominicano Patrimonio Dominicano Depósito 13.11.2009 LF1   RD863.44 G491m, 1995 12474-10 25.06.2020 25.06.2020 Libro y Folleto Colección Patrimonio Dominicano  
    Excluido de préstamo Patrimonio Dominicano Patrimonio Dominicano Patrimonio Dominicano Depósito 09.05.2013 LF1   RD863.44 G491m, 1995 12474-20 25.06.2020 25.06.2020 Libro y Folleto Colección Patrimonio Dominicano e. 2

Con tecnología Koha